000 00580nam a2200181 i 4500
001 19736
003 ES-MaACL
005 20230906152145.0
007 t|
008 021009s1966 sp ||||1| spa d
100 1 _aAbramson, Norman,
_918141
245 1 0 _aTeoría de la información y codificación /
_cpor Norman Abramson ; [traducido por Juan Antonio de Miguel Menoyo].
260 _aMadrid :
_bParaninfo,
_c1966.
300 _a218 p. :
_bil. ;
_c22 cm.
700 1 _aMiguel Menoyo, Juan Antonio de.
_981028
852 _aES-MaACL
_jC-30755
_bR.60673
999 _c19736
_d19736